| 000 | 00399nam a22001457a 4500 | ||
|---|---|---|---|
| 003 | OSt | ||
| 005 | 20211227144753.0 | ||
| 008 | 211227b |||||||| |||| 00| 0 eng d | ||
| 020 | _a0534231489 | ||
| 040 | _cHU | ||
| 082 | _a004 | ||
| 100 |
_aAbernethy and Allen _925478 |
||
| 245 |
_aExploring the Digital Domain|: _bAn Introductio to Computing With Multimedia and Networking |
||
| 942 |
_2ddc _cBOOKS _n0 |
||
| 999 |
_c24392 _d24392 |
||